000 01610cam a22001814a 4500
005 20250605164405.0
008 250528s ||||||||||||||||||||||||d
035 _a24811
040 _aGR-AtMCL
_bgre
_dGR-AtMCL
_eAACR2
245 1 _aΑφιέρωμα στις Κακοήθεις Παθήσεις Παχέος Εντέρου και Πρωκτού (β' μέρος)
260 _bΥγεία,
_c2023
300 _a40
520 _aΒιολογικοί Παράγοντες στη Μεταστατική Νόσο του Καρκίνου Παχέος Εντέρου και Εξατομικευμένες Επιλογές, Εισαγωγική Θεραπεία Καρκίνου Όρθου, Κολορθικός Καρκίνος σε Νέους, Περιτοναϊκή Ενδοσκοπική Χειρουργική για Όγκους του Όρθου, Διαπρωκτική Ολική Μεσαορθική Εκτομή (taTME) έναντι διακοιλιακής ΤΜΕ για Καρκίνο Όρθου, Ρομποτική Χαμηλή Πρόσθια Εκτομή: Πλεονεκτήματα και Μειονεκτήματα Έναντι της Λαπαροσοπικής, Καρκίνος του Όρθου και Σύνδρομο Χαμηλής Πρόσθιας Εκτομής, Εμφάνιση Καρκίνου Παχέος Εντέρου και Όρθου σε Έδαφος Ιδιοπαθών Φλεγμονοδών Νοσημάτων του Εντέρου (ΙΦΝΕ).
700 1 _aΑποστολάκης Ιωάννης
_99425
942 _cCR
999 _c9656
_d9656